SZA - Take You Down (All Lyrics) - Statistics

General Stats
  • This quiz has been taken 7 times
  • The average score is 246 of 308
Answer Stats
Answer % Correct
a
100%
B,
100%
can
100%
community
100%
dick
100%
Do
100%
don't
100%
down?
100%
Down,
100%
down,
100%
fuck,
100%
Fuck
100%
I
100%
it
100%
it?
100%
look
100%
me
100%
me,
100%
mean
100%
mine
100%
n****
100%
Never
100%
said
100%
say
100%
take
100%
the
100%
way?
100%
way
100%
when
100%
When
100%
you
100%
your
100%
again
83%
again,
83%
all
83%
am
83%
and
83%
around
83%
at
83%
baby,
83%
baby?
83%
baby
83%
'cause
83%
'cause-)
83%
Daddy,
83%
day?
83%
Did
83%
die
83%
feelin'
83%
How
83%
I'm
83%
in
83%
is
83%
know
83%
lick
83%
Lick
83%
many
83%
not
83%
of
83%
other
83%
over
83%
Over
83%
poison,
83%
Shit
83%
shit
83%
so
83%
talkin'
83%
tell
83%
that
83%
Was
83%
ways
83%
back,
67%
bait
67%
before
67%
believe
67%
calculate
67%
came
67%
days
67%
different
67%
doin'
67%
even
67%
favorite
67%
feels
67%
fight
67%
fuckin'
67%
give
67%
gotta
67%
head,
67%
inside
67%
just
67%
let
67%
lie
67%
miss
67%
my
67%
need
67%
numbers
67%
oh
67%
Oh,
67%
Plan
67%
pussy
67%
Round,
67%
round,
67%
see
67%
(See
67%
show
67%
Start
67%
straight
67%
swing
67%
they
67%
They
67%
thinkin'
67%
Told
67%
took
67%
Took
67%
tryna
67%
up
67%
up,
67%
we
67%
woah
67%
yeah
67%
you're
67%
blunts
50%
Bust
50%
call,
50%
choppa,
50%
conjured,
50%
daughters
50%
death
50%
(Death,
50%
death,
50%
death)
50%
I'ma
50%
it's
50%
live
50%
Nasty,
50%
or
50%
overthinkin'
50%
Pull
50%
reportin'
50%
Six
50%
soul-
50%
stick,
50%
sum'
50%
thick
50%
tied
50%
time
50%
won't
50%
caught
33%
Classy
33%
fine
33%
front,
33%
prime
33%
tomorrow,
33%
trickin',
33%
above
0%
kow
0%
No matching quizzes found
Score Distribution
Percent of People with Each Score
Percentile by Number Answered
Your Score History
You have not taken this quiz